Proyectos de investigación. Año Académico 1989
保存先:
| 共著者: | , , |
|---|---|
| フォーマット: | 図書 |
| 言語: | スペイン語 |
| 出版事項: |
Valparaíso
Universidad Católica de Valparaíso
1989
|
| 版: | 1a. ed |
| 主題: | |
| タグ: |
タグ追加
タグなし, このレコードへの初めてのタグを付けませんか!
|
MARC
| LEADER | 00000nam a2200000 a 4500 | ||
|---|---|---|---|
| 001 | UCJ4952 | ||
| 003 | CL-VaPUC | ||
| 008 | 070124e19890800CL |||||||||||||||||spa|d | ||
| 082 | 0 | 4 | |a 378 |b UNI |2 21 |
| 110 | 2 | |a Universidad Católica de Valparaíso |e author |9 509529 | |
| 710 | 2 | |a Vice Rectoría Académica |e author |9 509530 | |
| 710 | 2 | |a Dirección General de Investigación y postgrado |e author |9 509531 | |
| 245 | 1 | 0 | |a Proyectos de investigación. Año Académico 1989 |
| 250 | |a 1a. ed | ||
| 300 | |a 229 p | ||
| 942 | |c BK | ||
| 945 | |d 20070124 00:00:00 |a rinostro | ||
| 260 | |a Valparaíso |b Universidad Católica de Valparaíso |c 1989 | ||
| 650 | 0 | |a Investigación |9 257811 | |
| 583 | |a last modification |c 20070124 00:00:00 |k Rodrigo Vera | ||
| 999 | |c 321066 |d 321064 | ||
| 952 | |0 0 |1 0 |4 0 |6 378_000000000000000_UNI_1989 |7 0 |8 X |9 399727 |a FDOBUD |b FDOBUD |d 2019-11-22 |i 1028162 |o 378 UNI 1989 |p 1028162 |r 2019-11-22 |w 2019-11-22 |y BK_X |k FHP | ||